[Event "Portoroz op 10th"]
[Site "Portoroz"]
[Date "2016.07.28"]
[Round "7"]
[White "Pregarac, Valter"]
[Black "Kassebaum, Roman"]
[Result "1/2-1/2"]
[WhiteElo "2135"]
[BlackElo "2311"]
[PlyCount "108"]
[EventDate "2016.07.23"]
[EventType "swiss"]
[EventRounds "9"]
[EventCountry "SLO"]
[SourceTitle "CBM 173 Extra"]
[Source "ChessBase"]
[SourceDate "2016.08.29"]
[SourceVersion "1"]
[SourceVersionDate "2016.08.29"]
[SourceQuality "1"]

1. d4 Nf6 2. c4 g6 3. Nc3 Bg7 4. e4 0-0 5. Nf3 c6 6. Be2 d5 7. e5 Ne4 8. cxd5 cxd5 9. Qb3 Nxc3 10. Qxc3 Nc6 11. 0-0 Bg4 12. Be3 Rc8 13. Qd2 Qa5 14. Qxa5 Nxa5 15. b3 Rc2 16. Bd1 Rc7 17. h3 Bf5 18. Ne1 Rfc8 19. g4 Bd7 20. Be2 a6 21. f4 Bb5 22. Bxb5 axb5 23. Bd2 b6 24. Nd3 Nc6 25. Be3 e6 26. Rfc1 Bf8 27. a4 bxa4 28. bxa4 Na5 29. Rxc7 Rxc7 30. Rc1 Nc4 31. f5 Ra7 32. Bg5 h6 33. Bd8 g5 34. h4 Be7 35. Bxe7 Rxe7 36. hxg5 hxg5 37. Rb1 Ra7 38. Rb4 Kg7 39. f6+ Kg6 40. Kf2 Ra8 41. Kg3 Rh8 42. Nf2 Ra8 43. Nd3 Ra6 44. Ne1 Nd2 45. Nd3 Ra8 46. Nb2 Rc8 47. Rxb6 Rc3+ 48. Kg2 Nb3 49. Nd1 Rc2+ 50. Nf2 Nxd4 51. Rb8 Nc6 52. Rg8+ Kh6 53. Rh8+ Kg6 54. Rg8+ Kh6 1/2-1/2

[Event "Portoroz op 10th"]
[Site "Portoroz"]
[Date "2016.07.27"]
[Round "6"]
[White "Kassebaum, Roman"]
[Black "Vidic, Miha"]
[Result "1/2-1/2"]
[WhiteElo "2311"]
[BlackElo "2080"]
[PlyCount "117"]
[EventDate "2016.07.23"]
[EventType "swiss"]
[EventRounds "9"]
[EventCountry "SLO"]
[SourceTitle "CBM 173 Extra"]
[Source "ChessBase"]
[SourceDate "2016.08.29"]
[SourceVersion "1"]
[SourceVersionDate "2016.08.29"]
[SourceQuality "1"]

1. Nf3 Nf6 2. g3 b6 3. Bg2 Bb7 4. 0-0 e6 5. d3 Be7 6. e4 d6 7. Nbd2 c5 8. Re1 Nbd7 9. a4 a6 10. Nc4 Qc7 11. Bf4 e5 12. Bg5 Nf8 13. c3 Ne6 14. Qb3 Nxg5 15. Nxg5 d5 16. exd5 Bxd5 17. Bxd5 Nxd5 18. Nxf7 0-0 19. Ne3 Rxf7 20. Nxd5 Qd6 21. Nxe7+ Qxe7 22. Qxb6 Raf8 23. Re2 Rf6 24. Qb3+ Kh8 25. Rae1 Qd7 26. Qc4 Rf5 27. Qe4 Qf7 28. Qc4 Qd7 29. Qe4 Qf7 30. Rf1 Qh5 31. Re3 Qf7 32. Qc4 Qf6 33. Re2 Qd6 34. Qe4 Qd7 35. Kg2 Rh5 36. h4 h6 37. Rfe1 Rhf5 38. Kg1 Qf7 39. Rf1 Qd7 40. Re3 Qf7 41. f3 Qd7 42. Kg2 Rh5 43. Rfe1 Rhf5 44. g4 Rf4 45. Qxe5 Qxa4 46. Re4 Qc2+ 47. R1e2 Qxd3 48. Rxf4 Rxf4 49. Qe8+ Kh7 50. Qe3 Qd6 51. Rd2 Qf8 52. Qd3+ Kh8 53. h5 Rf6 54. Qe4 Qb8 55. Re2 Rf8 56. b4 cxb4 57. cxb4 Qb5 58. Kh2 Rb8 59. Kg2 1/2-1/2

[Event "NRW Class2 1516"]
[Site "Germany"]
[Date "2016.01.10"]
[Round "5.4"]
[White "Kassebaum, Roman"]
[Black "Graw, Christopher"]
[Result "1/2-1/2"]
[WhiteElo "2255"]
[BlackElo "2184"]
[PlyCount "104"]
[EventDate "2015.09.27"]
[EventType "team-tourn"]
[EventRounds "9"]
[EventCountry "GER"]
[SourceTitle "EXT 2017"]
[Source "ChessBase"]
[SourceDate "2016.10.25"]
[SourceVersion "1"]
[SourceVersionDate "2016.10.25"]
[SourceQuality "1"]
[WhiteTeam "Herford Koenigsspringer"]
[BlackTeam "Sodingen"]
[WhiteTeamCountry "GER"]
[BlackTeamCountry "GER"]

1. Nf3 Nc6 2. d4 d5 3. g3 Bg4 4. Bg2 Qd7 5. c4 e6 6. 0-0 f6 7. Nc3 Nge7 8. e3 a6 9. h3 Bh5 10. cxd5 exd5 11. Ne5 Qf5 12. g4 fxe5 13. gxf5 Bxd1 14. Rxd1 exd4 15. Nxd5 0-0-0 16. e4 Nxd5 17. exd5 Nb4 18. Bg5 Rd7 19. a3 Nxd5 20. Rxd4 Nb6 21. Rxd7 Nxd7 22. Rd1 Bd6 23. Bd5 Kb8 24. b4 Rf8 25. Be6 Nf6 26. Kg2 h6 27. Be3 Rd8 28. Kf3 Be7 29. Rxd8+ Bxd8 30. Bc5 Nh7 31. Kg4 b6 32. Be3 Nf6+ 33. Kf3 Kb7 34. Bd4 Be7 35. Ke3 a5 36. bxa5 Bxa3 37. axb6 cxb6 38. Kd3 Kc6 39. Bxf6 gxf6 40. f3 Kc5 41. Bf7 Bb2 42. h4 Kd6 43. h5 Ke5 44. Bg6 Kf4 45. Kc4 Kxf3 46. Kb5 Bd4 47. Kc4 Ke4 48. Kb5 Kd5 49. Bf7+ Kd6 50. Be8 Bf2 51. Bf7 Ke5 52. Bg6 Kf4 1/2-1/2

[Event "Oberliga NRW 9899 I"]
[Site "Germany"]
[Date "1999.01.20"]
[Round "5.3"]
[White "Coenen, Norbert"]
[Black "Kassebaum, Roman"]
[Result "1-0"]
[WhiteElo "2335"]
[BlackElo "2320"]
[PlyCount "79"]
[EventDate "1998.10.10"]
[EventType "team"]
[EventRounds "9"]
[EventCountry "GER"]
[SourceTitle "EXT 2000"]
[Source "ChessBase"]
[SourceDate "1999.11.16"]
[SourceVersion "1"]
[SourceVersionDate "1999.11.16"]
[SourceQuality "1"]
[WhiteTeam "Aachen"]
[BlackTeam "Enger Spenge"]
[WhiteTeamCountry "GER"]
[BlackTeamCountry "GER"]

1. e4 c5 2. Nf3 e6 3. d4 cxd4 4. Nxd4 a6 5. Bd3 Qc7 6. 0-0 d6 7. c4 Nf6 8. b3 g6 9. Bb2 Bg7 10. Nc3 0-0 11. Rc1 Nbd7 12. Bb1 b6 13. Qd2 Bb7 14. Kh1 Rad8 15. f4 Rfe8 16. Nf3 Qb8 17. Rce1 Nc5 18. Qf2 b5 19. cxb5 axb5 20. e5 Ng4 21. Qh4 h5 22. b4 Nd7 23. h3 Nh6 24. exd6 Nb6 25. Ne5 Rxd6 26. Nxb5 Rd2 27. Rf2 Red8 28. Bc1 Rxf2 29. Qxf2 Nd5 30. a3 Nf5 31. Bxf5 exf5 32. Nd4 Qa8 33. Bb2 Nf6 34. Kh2 Ne4 35. Qe2 Bh6 36. Rf1 h4 37. Nxf5 gxf5 38. Qh5 Bg7 39. Qxf7+ Kh8 40. Ng6+ 1-0

[Event "Oberliga NRW 9899 I"]
[Site "Germany"]
[Date "1998.??.??"]
[Round "2.3"]
[White "Kassebaum, Roman"]
[Black "Lemanczyk, Thomas"]
[Result "0-1"]
[WhiteElo "2320"]
[BlackElo "2160"]
[PlyCount "80"]
[EventDate "1998.10.10"]
[EventType "team"]
[EventRounds "9"]
[EventCountry "GER"]
[SourceTitle "EXT 2000"]
[Source "ChessBase"]
[SourceDate "1999.11.16"]
[SourceVersion "1"]
[SourceVersionDate "1999.11.16"]
[SourceQuality "1"]
[WhiteTeam "Enger Spenge"]
[BlackTeam "Duesseldorf"]
[WhiteTeamCountry "GER"]
[BlackTeamCountry "GER"]

1. e4 e6 2. d4 d5 3. e5 c5 4. c3 Qb6 5. Nf3 Nc6 6. a3 c4 7. Nbd2 Na5 8. Rb1 Bd7 9. Be2 f5 10. 0-0 Rc8 11. Re1 Nh6 12. Nf1 Nf7 13. Bf4 Be7 14. h4 Nb3 15. Ne3 Ba4 16. Bf1 h6 17. Bh2 g5 18. Nd2 Nxd2 19. Qxd2 g4 20. g3 h5 21. Bg2 Bc6 22. Kh1 Bf8 23. Bg1 Bh6 24. f4 Qd8 25. b3 Bxf4 26. Qf2 Bxe3 27. Qxe3 cxb3 28. Rxb3 b6 29. Qd2 Qe7 30. Be3 0-0 31. Rc1 Rc7 32. Qa2 Qd7 33. Rbb1 Rfc8 34. Qb2 Bb7 35. Bf1 Nxe5 36. Bf4 Nc4 37. Qb4 e5 38. dxe5 d4+ 39. Kg1 Qd5 40. cxd4 Qxd4+ 0-1

[Event "Oberliga NRW 9798 I"]
[Site "Germany"]
[Date "1998.??.??"]
[Round "9.4"]
[White "Kurr, Gerd"]
[Black "Kassebaum, Roman"]
[Result "1/2-1/2"]
[WhiteElo "2235"]
[BlackElo "2320"]
[PlyCount "98"]
[EventDate "1997.10.??"]
[EventType "team"]
[EventRounds "9"]
[EventCountry "GER"]
[SourceTitle "EXT 1999"]
[Source "ChessBase"]
[SourceDate "1998.11.16"]
[SourceVersion "1"]
[SourceVersionDate "1998.11.16"]
[SourceQuality "1"]
[WhiteTeam "Elberfeld"]
[BlackTeam "Lippstadt Turm"]
[WhiteTeamCountry "GER"]
[BlackTeamCountry "GER"]

1. d4 Nf6 2. Nf3 g6 3. c4 Bg7 4. Nc3 0-0 5. e4 d6 6. Be2 e5 7. 0-0 Qe8 8. dxe5 dxe5 9. Be3 Na6 10. Nd2 c6 11. Rb1 Qe7 12. a3 Nc5 13. b4 Ne6 14. Qc1 Nd4 15. Bd1 Ng4 16. Bxg4 Bxg4 17. f3 Be6 18. Re1 Rfd8 19. Na4 b6 20. Nc3 Rd7 21. a4 a6 22. Qb2 Rad8 23. b5 axb5 24. axb5 cxb5 25. Nd5 Qc5 26. Bxd4 exd4 27. Qxb5 d3+ 28. Qxc5 bxc5 29. Rb3 Bd4+ 30. Kh1 f5 31. Rxd3 Rf8 32. Nb3 fxe4 33. fxe4 Rdf7 34. Rf3 Rxf3 35. gxf3 Bf2 36. Re2 Rxf3 37. Nd2 Rf7 38. Kg2 Bh4 39. Nf3 Bg4 40. Re3 Bf6 41. Nxf6+ Rxf6 42. Ne5 Bc8 43. Rd3 Rf8 44. Nd7 Bxd7 45. Rxd7 Rf4 46. Re7 Kf8 47. Re5 h6 48. Kg3 g5 49. Rxc5 Rxe4 1/2-1/2

[Event "Oberliga NRW 9697 I"]
[Site "Germany"]
[Date "1997.??.??"]
[Round "5.2"]
[White "Kassebaum, Roman"]
[Black "Siebrecht, Sebastian"]
[Result "1-0"]
[WhiteElo "2360"]
[BlackElo "2380"]
[PlyCount "75"]
[EventDate "1996.10.??"]
[EventType "team"]
[EventRounds "9"]
[EventCountry "GER"]
[SourceTitle "EXT 1998"]
[Source "ChessBase"]
[SourceDate "1997.11.17"]
[SourceVersion "1"]
[SourceVersionDate "1997.11.17"]
[SourceQuality "1"]
[WhiteTeam "Lippstadt Turm"]
[BlackTeam "Katernberg"]
[WhiteTeamCountry "GER"]
[BlackTeamCountry "GER"]

1. e4 g6 2. d4 Bg7 3. Nf3 c6 4. Bd3 d5 5. Nbd2 Nh6 6. 0-0 0-0 7. Re1 Na6 8. Bxa6 bxa6 9. exd5 cxd5 10. Nb3 Re8 11. Bf4 f6 12. Qd2 Nf7 13. Re3 g5 14. Bg3 g4 15. Nh4 Bh6 16. f4 gxf3 17. Nxf3 e5 18. Qf2 Bxe3 19. Qxe3 e4 20. Nh4 Nd6 21. Rf1 Nc4 22. Qh6 Rf8 23. Nc5 Nxb2 24. Ng6 Rf7 25. Ne5 Rg7 26. Rxf6 e3 27. Rf1 e2 28. Re1 Nc4 29. Rxe2 Nxe5 30. Bxe5 Rg6 31. Qe3 Qa5 32. Qf3 Be6 33. Nxe6 Rxe6 34. Bc7 Qxc7 35. Rxe6 Rd8 36. Qg4+ Kh8 37. Qg5 Rf8 38. Re7 1-0

[Event "Bundesliga 9596"]
[Site "Germany"]
[Date "1996.??.??"]
[Round "?.7"]
[White "Kassebaum, Roman"]
[Black "Hennig, Dirk"]
[Result "0-1"]
[WhiteElo "2360"]
[BlackElo "2355"]
[PlyCount "122"]
[EventDate "1995.10.14"]
[EventType "team-tourn"]
[EventRounds "15"]
[EventCountry "GER"]
[SourceTitle "GER-chT"]
[Source "ChessBase"]
[SourceDate "1999.07.01"]
[SourceVersion "1"]
[SourceVersionDate "1999.07.01"]
[SourceQuality "1"]
[WhiteTeam "Bochum"]
[BlackTeam "Castrop Rauxel"]
[WhiteTeamCountry "GER"]
[BlackTeamCountry "GER"]

1. e4 g6 2. d4 Bg7 3. Nf3 c6 4. Bd3 d5 5. Nbd2 Nh6 6. 0-0 0-0 7. Re1 Na6 8. Bf1 Nc7 9. Nb3 b6 10. h3 Bb7 11. exd5 cxd5 12. Bf4 Nf5 13. a4 a5 14. c3 Rc8 15. Nbd2 Nd6 16. Ne5 Ne6 17. Bh2 Ng5 18. Qb3 Nge4 19. Rad1 e6 20. Bd3 Nxd2 21. Rxd2 Nc4 22. Nxc4 dxc4 23. Bxc4 Bxg2 24. Rd3 Ba8 25. d5 Qh4 26. Ba6 Bxd5 27. Rxd5 exd5 28. Bxc8 Rxc8 29. Bg3 Qd8 30. Rd1 Rc5 31. Kh2 h5 32. Qc2 h4 33. Bf4 Rc4 34. Be3 d4 35. Qe4 Qd6+ 36. Bf4 Qe6 37. Qxe6 fxe6 38. cxd4 Rxa4 39. Be3 Rb4 40. Rd2 Kf7 41. Kg2 a4 42. Kf3 b5 43. Ke2 Ke8 44. f4 Bf6 45. Kd3 Rb3+ 46. Ke4 Be7 47. Re2 Kf7 48. Rc2 b4 49. Rh2 a3 50. bxa3 bxa3 51. Bc1 Rb1 52. Be3 Ra1 53. d5 exd5+ 54. Kxd5 Bf6 55. Rc2 a2 56. Ke4 Be7 57. Re2 Bb4 58. Bd4 Re1 59. Rxe1 Bxe1 60. f5 gxf5+ 61. Kxf5 Bb4 0-1

[Event "Oberliga NRW 9697 I"]
[Site "Germany"]
[Date "1996.??.??"]
[Round "1.2"]
[White "Koch, Wolfgang Max"]
[Black "Kassebaum, Roman"]
[Result "1-0"]
[WhiteElo "2355"]
[BlackElo "2360"]
[PlyCount "111"]
[EventDate "1996.10.??"]
[EventType "team"]
[EventRounds "9"]
[EventCountry "GER"]
[SourceTitle "EXT 1998"]
[Source "ChessBase"]
[SourceDate "1997.11.17"]
[SourceVersion "1"]
[SourceVersionDate "1997.11.17"]
[SourceQuality "1"]
[WhiteTeam "Duesseldorf"]
[BlackTeam "Lippstadt Turm"]
[WhiteTeamCountry "GER"]
[BlackTeamCountry "GER"]

1. d4 Nf6 2. Nf3 g6 3. c4 Bg7 4. Nc3 0-0 5. e4 d6 6. Be2 e5 7. 0-0 Qe8 8. d5 a5 9. Ne1 Na6 10. Nd3 Nd7 11. Rb1 f5 12. b3 Ndc5 13. Nxc5 Nxc5 14. f3 f4 15. Ba3 b6 16. Nb5 Rf7 17. Bxc5 bxc5 18. a3 Bf8 19. b4 axb4 20. axb4 cxb4 21. Rxb4 c6 22. Nc3 c5 23. Ra4 Rxa4 24. Nxa4 g5 25. Qc2 Ra7 26. Nb6 Bb7 27. Qb2 Qd8 28. Rb1 h5 29. Bd1 Qc7 30. Ba4 g4 31. Bd7 g3 32. hxg3 fxg3 33. f4 Bh6 34. fxe5 dxe5 35. Be6+ Kh8 36. Nd7 Be3+ 37. Kh1 Bc8 38. Qe2 Bxd7 39. Qxe3 Bxe6 40. Qh6+ Kg8 41. Qxe6+ Kh7 42. Qf5+ Kh6 43. Qf6+ Kh7 44. Qg5 Qd6 45. Qxg3 Qf6 46. Qf3 Qxf3 47. gxf3 Kg6 48. Rd1 Kg5 49. d6 Rd7 50. Kg2 h4 51. Rd3 Kf4 52. Kh2 Kg5 53. Kh3 Kf4 54. Rd5 Kxf3 55. Kxh4 Kf4 56. Kh5 1-0

[Event "Bundesliga 9495"]
[Site "Germany"]
[Date "1995.??.??"]
[Round "?.7"]
[White "Dinstuhl, Volkmar"]
[Black "Kassebaum, Roman"]
[Result "1-0"]
[WhiteElo "2350"]
[BlackElo "2345"]
[PlyCount "119"]
[EventDate "1994.10.08"]
[EventType "team-tourn"]
[EventRounds "15"]
[EventCountry "GER"]
[SourceTitle "GER-chT"]
[Source "ChessBase"]
[SourceDate "1999.07.01"]
[SourceVersion "1"]
[SourceVersionDate "1999.07.01"]
[SourceQuality "1"]
[WhiteTeam "Castrop Rauxel"]
[BlackTeam "Bochum"]
[WhiteTeamCountry "GER"]
[BlackTeamCountry "GER"]

1. d4 Nf6 2. c4 g6 3. Nc3 Bg7 4. e4 d6 5. f3 0-0 6. Bg5 c5 7. d5 e6 8. Qd2 exd5 9. cxd5 a6 10. a4 h6 11. Be3 Nbd7 12. Nh3 Ne5 13. Nf2 Kh7 14. Be2 Rb8 15. 0-0 Re8 16. Rfe1 Qd7 17. Reb1 Qc7 18. b4 Nfd7 19. b5 Qa5 20. Ncd1 Qxd2 21. Bxd2 axb5 22. Bxb5 f5 23. Ra3 Re7 24. f4 Nf7 25. exf5 gxf5 26. Re3 Rxe3 27. Nxe3 Nf6 28. Bd3 Kg8 29. a5 Ra8 30. g3 Ne4 31. Nxe4 fxe4 32. Bxe4 Bd4 33. Kf2 h5 34. Kf3 Nh6 35. Nc2 Bg7 36. Rb6 Bf8 37. Ne3 Ng4 38. Nf5 Nf6 39. Bc3 Nxe4 40. Kxe4 Ra6 41. Rxa6 bxa6 42. h3 Kf7 43. g4 Bd7 44. Ne3 Kg6 45. Be1 Be7 46. f5+ Kh6 47. Bg3 Ba4 48. Bf4+ Bg5 49. Nc4 Bc2+ 50. Ke3 Bb3 51. Nxd6 Bxd5 52. Ne4 Bxf4+ 53. Kxf4 hxg4 54. hxg4 c4 55. g5+ Kg7 56. Ke5 Bc6 57. Kd4 Kf7 58. Nd6+ Ke7 59. Nxc4 Ba4 60. Ke5 1-0

[Event "Bundesliga 9596"]
[Site "Germany"]
[Date "1995.??.??"]
[Round "?.7"]
[White "Kassebaum, Roman"]
[Black "Heinemann, Thies"]
[Result "1/2-1/2"]
[WhiteElo "2360"]
[BlackElo "2410"]
[PlyCount "85"]
[EventDate "1995.10.14"]
[EventType "team-tourn"]
[EventRounds "15"]
[EventCountry "GER"]
[SourceTitle "GER-chT"]
[Source "ChessBase"]
[SourceDate "1999.07.01"]
[SourceVersion "1"]
[SourceVersionDate "1999.07.01"]
[SourceQuality "1"]
[WhiteTeam "Bochum"]
[BlackTeam "Hamburger SK"]
[WhiteTeamCountry "GER"]
[BlackTeamCountry "GER"]

1. e4 c5 2. Nf3 d6 3. d4 cxd4 4. Qxd4 Nc6 5. Bb5 Bd7 6. Bxc6 Bxc6 7. Nc3 Nf6 8. Bg5 e6 9. 0-0-0 Be7 10. Rhe1 Qa5 11. Nd5 Bxd5 12. exd5 Qxa2 13. dxe6 fxe6 14. Rd3 e5 15. Qb4 0-0 16. Bxf6 Bxf6 17. Qxb7 Kh8 18. Ra3 Qc4 19. Qb3 Qc7 20. Qd5 Qb6 21. Rb3 Qxf2 22. Qd2 Qc5 23. Rc3 Qb6 24. Rb3 Qc7 25. Qd5 Rab8 26. Rxb8 Rxb8 27. Re4 Qb6 28. b3 h6 29. h4 Qa6 30. Kb2 Rc8 31. g4 Qc6 32. Qxc6 Rxc6 33. c4 Kh7 34. h5 a5 35. Ka3 Bd8 36. Re2 Rc7 37. Nd2 Rf7 38. Ne4 Be7 39. Ka4 Rf3 40. Rd2 Rf4 41. Nxd6 Rxg4 42. Kxa5 e4 43. c5 1/2-1/2

[Event "Bundesliga 9596"]
[Site "Germany"]
[Date "1995.??.??"]
[Round "?.6"]
[White "Kassebaum, Roman"]
[Black "Kern, Guido"]
[Result "1-0"]
[WhiteElo "2360"]
[BlackElo "2365"]
[PlyCount "135"]
[EventDate "1995.10.14"]
[EventType "team-tourn"]
[EventRounds "15"]
[EventCountry "GER"]
[SourceTitle "GER-chT"]
[Source "ChessBase"]
[SourceDate "1999.07.01"]
[SourceVersion "1"]
[SourceVersionDate "1999.07.01"]
[SourceQuality "1"]
[WhiteTeam "Bochum"]
[BlackTeam "Wuppertal"]
[WhiteTeamCountry "GER"]
[BlackTeamCountry "GER"]

1. e4 e6 2. d4 d5 3. Nd2 c5 4. exd5 exd5 5. Ngf3 a6 6. Be2 c4 7. Ne5 Bd6 8. b3 cxb3 9. axb3 Ne7 10. 0-0 0-0 11. Ndf3 f6 12. Nd3 Qc7 13. c4 Qd8 14. c5 Bc7 15. b4 Bd7 16. Nf4 g5 17. Nh5 Nbc6 18. Rb1 Be8 19. Ng3 Bg6 20. Bd3 b5 21. cxb6 Bxb6 22. h4 Bxd3 23. Qxd3 g4 24. Nh2 Qd7 25. Be3 Bc7 26. b5 axb5 27. Rxb5 Bd6 28. Nh5 Ra3 29. Qd1 f5 30. Bg5 Bxh2+ 31. Kxh2 Qd6+ 32. g3 Ng6 33. Rb7 Rf7 34. Rxf7 Kxf7 35. Qb1 Nge7 36. Re1 Ra7 37. Qb6 Rd7 38. Nf4 Qc7 39. Qc5 Qd6 40. Qb6 Qc7 41. Qc5 Qd6 42. Qc3 Rb7 43. Re6 Qxe6 44. Nxe6 Kxe6 45. Qe3+ Kf7 46. Qf4 Ke6 47. Bxe7 Rxe7 48. Qh6+ Kd7 49. Qf6 Re4 50. Qxf5+ Kd6 51. Qf8+ Kd7 52. Qg8 Kd6 53. Qf8+ Kd7 54. f3 gxf3 55. Qxf3 Kd6 56. Qf6+ Re6 57. Qf8+ Re7 58. Qf4+ Kd7 59. h5 Ke6 60. Qh6+ Kd7 61. Qf6 Kc7 62. Kh3 Kd7 63. g4 Nd8 64. g5 Ne6 65. Kg4 Nxd4 66. Qxd4 Re4+ 67. Qxe4 dxe4 68. g6 1-0

[Event "Bundesliga 9596"]
[Site "Germany"]
[Date "1995.??.??"]
[Round "?.7"]
[White "Kassebaum, Roman"]
[Black "Podzielny, Karl Heinz"]
[Result "0-1"]
[WhiteElo "2360"]
[BlackElo "2460"]
[PlyCount "64"]
[EventDate "1995.10.14"]
[EventType "team-tourn"]
[EventRounds "15"]
[EventCountry "GER"]
[SourceTitle "GER-chT"]
[Source "ChessBase"]
[SourceDate "1999.07.01"]
[SourceVersion "1"]
[SourceVersionDate "1999.07.01"]
[SourceQuality "1"]
[WhiteTeam "Bochum"]
[BlackTeam "Solingen"]
[WhiteTeamCountry "GER"]
[BlackTeamCountry "GER"]

1. e4 c5 2. Nf3 e6 3. Nc3 a6 4. g3 Nc6 5. Bg2 Nf6 6. 0-0 d6 7. d4 cxd4 8. Nxd4 Qc7 9. Be3 Ne5 10. a4 b6 11. Qe2 Bb7 12. Rad1 Be7 13. f4 Nc4 14. Bc1 Rc8 15. g4 h6 16. Kh1 g5 17. b3 Na5 18. fxg5 hxg5 19. Bb2 Rh4 20. Nd5 exd5 21. Nf5 Nxe4 22. Nxh4 gxh4 23. c4 h3 24. Bf3 Nxb3 25. cxd5 Ng5 26. Qe3 Nc5 27. Bf6 Nxf3 28. Qxf3 Bxf6 29. Qxf6 Qe7 30. Qxe7+ Kxe7 31. Rf4 Nd7 32. Rf3 Bxd5 0-1

[Event "Bundesliga 9394"]
[Site "Germany"]
[Date "1994.02.27"]
[Round "9.8"]
[White "Kassebaum, Roman"]
[Black "Gabler, Bernd"]
[Result "1-0"]
[WhiteElo "2355"]
[BlackElo "2315"]
[PlyCount "57"]
[EventDate "1993.11.06"]
[EventType "team-tourn"]
[EventRounds "15"]
[EventCountry "GER"]
[SourceTitle "GER-chT"]
[Source "ChessBase"]
[SourceDate "1999.07.01"]
[SourceVersion "1"]
[SourceVersionDate "1999.07.01"]
[SourceQuality "1"]
[WhiteTeam "Bochum"]
[BlackTeam "Dortmund"]
[WhiteTeamCountry "GER"]
[BlackTeamCountry "GER"]

1. e4 c5 2. Nf3 e6 3. Nc3 a6 4. d4 cxd4 5. Nxd4 Qc7 6. g3 Bb4 7. Nde2 Be7 8. Bg2 Nf6 9. 0-0 0-0 10. b3 Nc6 11. Bb2 Rd8 12. Nf4 d6 13. Qe2 b5 14. Rad1 Bb7 15. Rfe1 Rac8 16. g4 b4 17. Ncd5 exd5 18. g5 Nd7 19. Nxd5 Qa5 20. Qh5 Nf8 21. Rd3 Re8 22. Rf3 Ng6 23. Rh3 Nf8 24. Rf3 Ng6 25. Rh3 Nf8 26. Bxg7 Kxg7 27. Qh6+ Kh8 28. Nf6 Qe5 29. Qxh7+ 1-0

[Event "Bundesliga 9394"]
[Site "Germany"]
[Date "1994.01.29"]
[Round "6.8"]
[White "Brunner, Lucas"]
[Black "Kassebaum, Roman"]
[Result "1-0"]
[WhiteElo "2480"]
[BlackElo "2355"]
[PlyCount "79"]
[EventDate "1993.11.06"]
[EventType "team-tourn"]
[EventRounds "15"]
[EventCountry "GER"]
[SourceTitle "GER-chT"]
[Source "ChessBase"]
[SourceDate "1999.07.01"]
[SourceVersion "1"]
[SourceVersionDate "1999.07.01"]
[SourceQuality "1"]
[WhiteTeam "Koeln Porz"]
[BlackTeam "Bochum"]
[WhiteTeamCountry "GER"]
[BlackTeamCountry "GER"]

1. Nf3 Nf6 2. c4 g6 3. d4 Bg7 4. g3 c5 5. Bg2 cxd4 6. Nxd4 0-0 7. Nc3 Nc6 8. Nc2 Ng4 9. Bd2 Qb6 10. 0-0 Qxb2 11. Rb1 Bxc3 12. Rxb2 Bxb2 13. c5 Bg7 14. Nb4 Nge5 15. Qa4 Rd8 16. Rd1 Nd4 17. Nd5 Nec6 18. Bg5 Nxe2+ 19. Kh1 Nc3 20. Nxc3 Bxc3 21. Bxc6 bxc6 22. Bxe7 Re8 23. Qh4 Rb8 24. a3 Rb2 25. Bf6 Bxf6 26. Qxf6 Rbe2 27. Kg2 R2e6 28. Qf4 R6e7 29. Qa4 Bb7 30. Rd6 a6 31. h4 Bc8 32. Rd2 Re5 33. Qb4 h5 34. Qb6 Kg7 35. Rb2 R5e7 36. Qa5 Re5 37. Qc3 Kh7 38. Rb8 d5 39. Rxc8 d4 40. Rxe8 1-0

[Event "Bundesliga 9495"]
[Site "Germany"]
[Date "1994.??.??"]
[Round "?.7"]
[White "Kassebaum, Roman"]
[Black "Heinemann, Thies"]
[Result "1-0"]
[WhiteElo "2335"]
[BlackElo "2395"]
[PlyCount "101"]
[EventDate "1994.10.08"]
[EventType "team-tourn"]
[EventRounds "15"]
[EventCountry "GER"]
[SourceTitle "GER-chT"]
[Source "ChessBase"]
[SourceDate "1999.07.01"]
[SourceVersion "1"]
[SourceVersionDate "1999.07.01"]
[SourceQuality "1"]
[WhiteTeam "Bochum"]
[BlackTeam "Hamburger SK"]
[WhiteTeamCountry "GER"]
[BlackTeamCountry "GER"]

1. e4 c5 2. Nc3 d6 3. Nge2 a6 4. g3 b5 5. Bg2 Bb7 6. d4 cxd4 7. Nxd4 Nf6 8. 0-0 e5 9. Nf5 b4 10. Na4 h6 11. f4 Bc6 12. b3 Bxa4 13. bxa4 Nc6 14. a3 g6 15. Ne3 bxa3 16. Nc4 Be7 17. Bxa3 0-0 18. fxe5 Nxe5 19. Nxe5 dxe5 20. Qxd8 Bxd8 21. Bxf8 Kxf8 22. Rab1 Rc8 23. Bh3 Rc6 24. Rb7 Be7 25. Rb8+ Kg7 26. Rc8 Rb6 27. Rc4 h5 28. Bc8 Ne8 29. a5 Rd6 30. Bb7 Bd8 31. Rc6 Bxa5 32. Rxa6 Bb6+ 33. Kh1 Nc7 34. Ra3 Rd7 35. c4 Bc5 36. Raf3 Re7 37. Rb3 h4 38. gxh4 Ne6 39. Bd5 Nf4 40. Rb5 Rc7 41. Rfb1 Bf2 42. Rb7 Nxd5 43. cxd5 Rc4 44. Rf1 Bxh4 45. Rbxf7+ Kh6 46. Rd1 Rxe4 47. d6 Ra4 48. Rf8 e4 49. d7 e3 50. d8Q Bxd8 51. Rfxd8 1-0

[Event "Bundesliga 9495"]
[Site "Germany"]
[Date "1994.??.??"]
[Round "?.8"]
[White "Schlosser, Philipp"]
[Black "Kassebaum, Roman"]
[Result "1-0"]
[WhiteElo "2510"]
[BlackElo "2335"]
[PlyCount "103"]
[EventDate "1994.10.08"]
[EventType "team-tourn"]
[EventRounds "15"]
[EventCountry "GER"]
[SourceTitle "GER-chT"]
[Source "ChessBase"]
[SourceDate "1999.07.01"]
[SourceVersion "1"]
[SourceVersionDate "1999.07.01"]
[SourceQuality "1"]
[WhiteTeam "Bayern Muenchen"]
[BlackTeam "Bochum"]
[WhiteTeamCountry "GER"]
[BlackTeamCountry "GER"]

1. Nf3 Nf6 2. c4 g6 3. Nc3 Bg7 4. e4 d6 5. d4 0-0 6. Be2 e5 7. d5 a5 8. h3 Nh5 9. Ng1 Nf6 10. Bg5 h6 11. Be3 Na6 12. Nf3 Ne8 13. Qd2 Kh7 14. g4 f5 15. exf5 gxf5 16. gxf5 Bxf5 17. 0-0-0 Nc5 18. Rdg1 Qf6 19. h4 a4 20. Ng5+ Kh8 21. Bxc5 dxc5 22. Nge4 Bxe4 23. Nxe4 Qf4 24. Nxc5 Qxd2+ 25. Kxd2 Rxf2 26. Ne6 e4 27. Ke3 Rf7 28. Bh5 Re7 29. Bxe8 Raxe8 30. Rh2 c6 31. Rg6 Kh7 32. h5 cxd5 33. cxd5 Be5 34. Rf2 Bg7 35. Kxe4 b5 36. Rfg2 Bh8 37. Rc2 b4 38. b3 axb3 39. axb3 Bc3 40. Ra2 Rf7 41. Ra6 Rfe7 42. Rc6 Bb2 43. Kd3 Be5 44. Kc4 Bh2 45. Nc5 Bf4 46. d6 Rf7 47. d7 Rd8 48. Rcf6 Rxf6 49. Rxf6 Bg5 50. Rf5 Kg8 51. Rd5 Kf7 52. Nb7 1-0

[Event "Bundesliga 9293"]
[Site "Germany"]
[Date "1993.??.??"]
[Round "?.3"]
[White "Chekhov, Valery A"]
[Black "Kassebaum, Roman"]
[Result "1-0"]
[WhiteElo "2480"]
[BlackElo "2360"]
[PlyCount "55"]
[EventDate "1992.10.24"]
[EventType "team-tourn"]
[EventRounds "15"]
[EventCountry "GER"]
[SourceTitle "GER-chT"]
[Source "ChessBase"]
[SourceDate "1999.07.01"]
[SourceVersion "1"]
[SourceVersionDate "1999.07.01"]
[SourceQuality "1"]
[WhiteTeam "Berlin Empor"]
[BlackTeam "Bielefeld"]
[WhiteTeamCountry "GER"]
[BlackTeamCountry "GER"]

1. d4 Nf6 2. c4 g6 3. Nc3 Bg7 4. e4 d6 5. Be2 0-0 6. Nf3 e5 7. 0-0 Nc6 8. Be3 Re8 9. dxe5 dxe5 10. h3 h6 11. c5 Be6 12. Qa4 a6 13. Rfd1 Qc8 14. Nd5 Nd7 15. Bc4 f5 16. Nh4 Kh7 17. exf5 gxf5 18. g4 f4 19. Qc2+ Kg8 20. Qg6 fxe3 21. Nf5 exf2+ 22. Kh2 Bxf5 23. gxf5 Nf8 24. Nb6+ Kh8 25. Qf7 Nh7 26. Nxc8 Raxc8 27. Rd7 Re7 28. Rxe7 1-0